000 01019nam a2200265 a 4500
003 DO-SdBNP
005 20160720104834.0
008 091120s2014 dr a 000 0 spa d
020 _a9789945495546
040 _aBPMSU
_bspa
_cBPMSU
092 _axxxx
_bxxxx
100 1 _aRosa, María del Jesús de la
245 1 0 _aCapullito 2 :
_bnivel inicial /
_cMaría del Jesús de la Rosa ; ilustraciones Henry Cid.
260 _aSanto Domingo :
_bActualidad escolar 2000,
_c2014.
300 _a96 p. :
_bil. ;
_c21 cm.
490 1 _aAraya
500 _aLa biblioteca posee el nivel 2
500 _aContiene el libro del maestro y la grafomotrocidad
500 _aEste libro ha sido realizado de acuerdo al curriculum vigente y ha sido sometido a la evaluación y aprobación de la MINERD,(Ministerio de Educación República Dominicana )
700 1 2 _aCid, Henry,
_eil.
830 0 _aAraya
942 _2ddc
_cBK
956 _aVMATEO
_b10
_c20150520
_lBMET02
_h00151
956 _aLOPEREZ
_b10
_c20160427
_lBPMSU
_h00041
999 _c9945
_d9945